000 02673cam a22011414i 4500
003 PE-LiUPU
005 20250813185334.0
008 160921s r 000 0 spa d
035 _a(Sirsi) a163632
049 _aPRUA
082 0 4 _a301
_bP59
100 1 _aDel Pino, Poncio,
_eautor.
245 _aCada uno, un lugar de memoria :
_bFundamentos conceptuales del lugar de la memoria, La tolerancia y la inclusion social /
_cPoncio del Pino, Jose Carlos Agüero.
264 _aLima :
_bLUM,
_c2014.
300 _a246 páginas ;
_c24 centímetros.
336 _text
_2rdacontent
337 _unmediated
_2rdamedia
338 _volume
_2rdacarrier
504 _aBibliografía : páginas 86-91.
505 0 _aIntroducción -- Por qué ahora un lugar de memoria nacional -- El proceso participativo sobre el guión museográfico -- La fundamentación conceptual.
526 _aP202
526 _aP201
526 _aP163
526 _aP162
526 _aP161
526 _aP160
526 _aP148
526 _aP147
526 _aP146
526 _aP145
526 _aP144
526 _aP143
526 _aP142
526 _aP141
526 _aP140
526 _aP139
526 _aP138
526 _aP137
526 _aP136
526 _aP135
526 _aP134
526 _aP133
526 _aP129
526 _aP128
526 _aP127
526 _aP120
526 _aP119
526 _aP118
526 _aP116
526 _aP115
526 _aP114
526 _aP110
526 _aP109
526 _aP108
526 _aP104
526 _aP103
526 _aP102
526 _aP99
526 _aP98
526 _aP97
526 _aP96
526 _aP95
526 _aP93
526 _aP90
526 _aP89
526 _aP88
526 _aP83
526 _aP82
526 _aP62
526 _aP59
526 _aP58
526 _aP57
526 _aP51
526 _aP49
526 _aP48
526 _aP47
526 _aP29
526 _aP24
526 _aP20
526 _aP19
526 _aP17
526 _aP15
526 _aP14
526 _aP12
526 _aP10
526 _aP09
526 _aP08
526 _aP07
526 _aP06
526 _aP05
526 _aP04
526 _aP01
700 1 _aAgüero, José Carlos,
_eautor.
596 _a1
942 _2ddc
_cBOOK
999 _a301 P59
_wDEWEY
_c12496
_i74498
_d12496
_e2019-8-28
_f2021-11-8
_g5
_lCCODEBUL1
_mBUL
_n2
_r0
_sY
_tBOOK
_u2016-9-21
_xEDUCACION
_zUNKNOWN
_0COMPRA
_o.STAFF. Colección FACIHED
980 _81
_gALBERTO SANCHEZ Responsable de Automatización